Gas turbines/ (Record no. 593475)

000 -LEADER
fixed length control field 00320nam a22001337a 4500
020 ## - INTERNATIONAL STANDARD BOOK NUMBER
International Standard Book Number 978-0-07-068192-7
082 ## - DEWEY DECIMAL CLASSIFICATION NUMBER
Classification number 621.433
Author Mark GAN
100 ## - MAIN ENTRY--PERSONAL NAME
Relator code Ganesan, V
245 ## - TITLE STATEMENT
Title Gas turbines/
Statement of responsibility, etc. V Ganesan
250 ## - EDITION STATEMENT
Edition statement Third Edition
260 ## - PUBLICATION, DISTRIBUTION, ETC.
Place of publication, distribution, etc. New Delhi :
Name of publisher, distributor, etc. McGraw Hill;
Date of publication, distribution, etc. 2010.
300 ## - PHYSICAL DESCRIPTION
Extent xxiii :627p.
942 ## - ADDED ENTRY ELEMENTS (KOHA)
Source of classification or shelving scheme
Koha item type Book
Holdings
Withdrawn status Lost status Source of classification or shelving scheme Damaged status Not for loan Permanent Location Current Location Shelving location Date acquired Full call number Barcode Date last seen Price effective from Koha item type
          School of Mechanical & Manufacturing Engineering (SMME) School of Mechanical & Manufacturing Engineering (SMME) Aerospace Engineering 02/28/2023 621.433 GAN SMME- 3869 02/28/2023 02/28/2023 Book
© 2023 Central Library, National University of Sciences and Technology. All Rights Reserved.